|
|
|
|
| LEADER |
00851nam a2200241 a 4500 |
| 001 |
558330 |
| 008 |
091221s1988 fr a b i000 0 eng d |
| 010 |
|
|
|a 88211088
|
| 020 |
|
|
|a 9231025392
|
| 040 |
|
|
|a AzU
|c DLC
|d DLC
|d BD-DhAAL
|
| 082 |
0 |
0 |
|a 338.9
|2 19
|
| 245 |
0 |
0 |
|a Innovative approaches to development planning.
|
| 260 |
|
|
|a Paris :
|b Unesco,
|c 1988.
|
| 300 |
|
|
|a 266 p. :
|b ill. ;
|c 24 cm.
|
| 490 |
1 |
|
|a Socio-economic studies ;
|v 14
|
| 504 |
|
|
|a Includes bibliographical references.
|
| 541 |
1 |
|
|e 00004179
|
| 650 |
|
0 |
|a Economic development.
|
| 710 |
2 |
|
|a Unesco.
|
| 830 |
0 |
|
|a Socio-economic studies (Unesco) ;
|v 14.
|
| 852 |
4 |
|
|a Ayesha Abed Library
|j General Shelf.
|
| 999 |
|
|
|c 6329
|d 6329
|
| 952 |
|
|
|0 0
|1 0
|2 ddc
|4 0
|6 338_900000000000000_INN_1988
|7 0
|9 6379
|a BRACUL
|b BRACUL
|c GEN
|d 2009-12-23
|g 266.00
|l 0
|o 338.9 INN
|p 3010004179
|r 2009-12-23
|t 1
|w 2009-12-23
|y BK
|